000 00572nam a2200193Ia 4500
003 LK-CoDNM
008 010623t2008 xxu||||| |||| 00| 1 sin d
040 _aLK-CoDNM
_dLK-CoDNM
_eLK-CoDNM
041 _asin
080 _a791.43.041
_bDAY
100 _aDayananda, Jeewantha
245 _aසිනමාවෙන් නිරූපිත ජනවාර්ගික අරගලය
246 _aSinamawen nirupitha janawargika aragalaya
260 _bSarasavi
_aNugegoda
_c2008
300 _b163, 21.5 cm
650 _aCinema
650 _aLiterature
942 _cBK
999 _c128227
_d128227